<?xml version="1.0" encoding="UTF-8"?>
<collection xmlns="http://www.loc.gov/MARC21/slim">
  <record>
    <leader>00000nam  2200000   4500</leader>
    <controlfield tag="001">INLIS000000000020435</controlfield>
    <controlfield tag="005">20250623114259</controlfield>
    <datafield tag="035" ind1="#" ind2="#">
      <subfield code="a">0010-0625000177</subfield>
    </datafield>
    <controlfield tag="007">ta</controlfield>
    <controlfield tag="008">250623################|##########|#|##</controlfield>
    <datafield tag="084" ind1="#" ind2="#">
      <subfield code="a">R 129 PKN II 2023</subfield>
    </datafield>
    <datafield tag="100" ind1=" " ind2="#">
      <subfield code="a">Katmoko Ari Sambodo</subfield>
    </datafield>
    <datafield tag="245" ind1="1" ind2="#">
      <subfield code="a">Strategi Percepatan Transformasi Digital ASN Melalui Penguatan Platform Digital Pengelolaan ASN /</subfield>
      <subfield code="c">Katmoko Ari Sambodo</subfield>
    </datafield>
    <datafield tag="260" ind1="#" ind2="#">
      <subfield code="a">Jakarta :</subfield>
      <subfield code="b">Pusbangkom Pimnas dan Manajerial ASN,</subfield>
      <subfield code="c">2023</subfield>
    </datafield>
    <datafield tag="300" ind1="#" ind2="#">
      <subfield code="a">79 hlm. ;</subfield>
      <subfield code="c">30 cm</subfield>
    </datafield>
    <datafield tag="650" ind1="#" ind2="4">
      <subfield code="a">ASN</subfield>
    </datafield>
    <datafield tag="650" ind1="#" ind2="4">
      <subfield code="a">Digital ASN</subfield>
    </datafield>
    <datafield tag="520" ind1="#" ind2="#">
      <subfield code="a">Saat ini, platform digital pengelolaan ASN sedang dalam tahapan uji coba di beberapa Instansi Pemerintah dan migrasi infrastruktur dari GCP (Google Cloud Platform) ke cloud pemerintah (Government Cloud LNSW). Pada dasarnya platform tersebut hanyalah toolset semata dan untuk mengimplementasikannya kepada seluruh instansi pada skala nasional masih terindentifikasi beberapa permasalahan utama yang perlu segera diselesaikan, yakni belum tersediannya strategi implementasi dan manajemen perubahan digital yang dapat dipedomani oleh instansi pemerintah. Proper ini melalukan langkah strategis dan inovatif dalam mempercepat implementasi Platform Digital Pengelolaan ASN dengan output kunci yakni Pedoman Teknis Manajemen Perubahan Penerapan Platform Digital Pengelolaan ASN.</subfield>
    </datafield>
    <datafield tag="990" ind1="#" ind2="#">
      <subfield code="a">2407129</subfield>
    </datafield>
  </record>
</collection>
